Datum a čas kvízu
18
Celkem bodů
Celkový počet nahraných bodů na tomto kvízu bez doplňovacích otázek.
7.
Pořadí na kvízu
Konečné umístění týmu na tomto kvízu.
Zaznamenané odpovědi
| # | Otázka | Odpověď | Body | Výsledky |
|---|---|---|---|---|
| 1. | Ve středu vybírala Sněmovna v... | Stanislav Křeček | 1 | |
| 2. | Jak se jmenuje politická stran... | Sinn Féin | 0 | |
| 3. | V neděli 9. února se konal v... | Renée Zelweggerová, Joaquin Phoenix | 1 | |
| 4. | Ocenění Zlatá pecka pro nejlep... | Josef Polášek | 0 | |
| 5. | Minulý týden začalo v italské... | smíšená štafeta | 1 | |
| 6. | Šachy jsou vskutku velmi staro... | šáh | 0 | |
| 7. | Z následujících tvrzení vybert... | C | 0 | |
| 8. | Jak se nazývá typ šachové hry,... | rapid (též zrychlený) šach | 0 | |
| 9. | Jak se jmenuje matematický pro... | jezdcova procházka | 0 | |
| 10. | Známý šachový velmistr Garry K... | Ázerbájdžánl | 0 |